MARC

LEADER 00000nam0a2200000 4500
001 68992
005 20231031075315.0
010 |a 5947983745 
035 |a (RuTPU)RU\TPU\book\73461 
090 |a 68992 
100 |a 20041013d2004 km y0rusy50 ca 
101 0 |a rus 
102 |a RU 
105 |a y z 001zy 
200 1 |a Научное исследование. Методика проведения и оформление  |f И. Н. Кузнецов 
210 |a Москва  |c Дашков и К  |d 2004 
215 |a 428 с. 
320 |a Библиогр.: с. 424-428. 
610 1 |a наука 
610 1 |a научные исследования 
610 1 |a научно-исследовательские работы 
610 1 |a методика 
610 1 |a информация 
610 1 |a текст 
610 1 |a подготовка 
610 1 |a подготовка к работе 
610 1 |a диссертации 
610 1 |a оформление 
610 1 |a защита 
686 |a Ч215.7  |v LBC/SL-A  |2 rubbk 
700 1 |a Кузнецов  |b И. Н.  |g Игорь Николаевич 
801 1 |a RU  |b 63413507  |c 20041013  |g PSBO 
801 2 |a RU  |b 63413507  |c 20080129  |g PSBO 
900 |a Методы научного познания 
942 |c BK